|
|
|
|
| LEADER |
00000nab a2200000 a 4500 |
| 001 |
vtls000579964 |
| 003 |
SK-MaSNL |
| 005 |
20260303210005.0 |
| 008 |
120930c1996 xo 0 slo |
| 015 |
|
|
|a SNBRB19rr/mm-uuuuu
|
| 035 |
|
|
|a CL0580102
|
| 040 |
|
|
|a SNKBUCL
|b slo
|c SNKBUCL
|e AACR2
|
| 041 |
0 |
|
|a slo
|
| 044 |
|
|
|a xo
|c SK
|
| 080 |
|
|
|a 7.097
|2 1981
|
| 100 |
1 |
|
|a Rolková, Božena
|4 aut
|9 988882
|
| 245 |
1 |
0 |
|a Pazúrik Kaina v každom Ábelovi
|b Simmelov román zaujal aj na televíznych obrazovkách
|c Božena Rolková
|
| 300 |
|
|
|b Fotogr. 1
|
| 500 |
|
|
|a Réžia Pavol Haspra
|
| 600 |
1 |
7 |
|a Simmel, Johannes Mario,
|d 1924-2009
|t Všetci ľudia budú bratia
|2 snkbucl
|9 1241204
|
| 610 |
2 |
7 |
|a Slovenská televízia
|2 snkbucl
|9 115516
|
| 655 |
|
7 |
|a recenzie
|2 snkbucl
|9 21907
|
| 655 |
|
7 |
|a články z novín a časopisov
|2 snkbucl
|9 267496
|
| 700 |
1 |
|
|a Haspra, Pavol,
|d 1929-2004
|4 aut
|9 102446
|
| 773 |
0 |
|
|t Slovenská republika
|g Roč. 3, č. 77 (1. 4. 1996), s. 9
|
| 850 |
|
|
|a Slovenská národná knižnica v Martine
|a MTA001
|
| 852 |
|
|
|a SNK
|b KIS3GCP
|
| 958 |
|
|
|a RK
|
| 992 |
|
|
|a RBX
|
| 999 |
|
|
|c 2198177
|d 2200107
|